00323nam a2200109Ia 4500008004000000082001600040100002600056245004300082260002800125300000800153650005200161210210b1964 xxu||||| |||| 00| 0 eng d a510.03 NEWU aNEWMAN (James R), Ed. aUniversal encyclopedia of mathematics. aLondonbPan booksc1964 a715 aMathematics Maths /RS Encyclopedia mathematics